000 01045njm a2200253 i 4500
001 4614
003 ES-MaACL
007 s|r|||||||||||
008 070801n1964 sp ||| g ||||||||1|nspa d
100 1 _aDíaz-Cañabate, Antonio,
_d1898-1980
_944194
245 1 0 _aAlgunos de mis recuerdos de Ignacio Zuloaga
_h[Grabación sonora] /
_cinterviene Antonio Díaz-Cañabate.
260 _aMadrid :
_bAteneo de Madrid,
_c1964.
300 _a1 disco (CD-DA) (36 min. 10 seg.) ;
_c12 cm.
490 1 _aActos independientes
500 _aDatos basados en invitación.
518 _aActo organizado por el Aula de Literatura del Ateneo de Madrid, grabado en el salón de actos el miércoles 18 de noviembre de 1964.
600 1 4 _aZuloaga, Ignacio.
_9118463
610 2 4 _aAteneo de Madrid-
_xActos culturales-
_y1964-
_vGrabaciones sonoras.
_91878
710 2 _aAteneo de Madrid.
_bAula de Literatura.
_91943
830 0 _aActos independientes
_9177078
852 _aES-MaACL
_jROT 3/1/9
_94731
_cROT
942 _2udc
999 _c4614
_d4614